zpět

Detail výsledku týmu

Auto Da Fé ST, Kladno

Datum a čas kvízu

36 Celkem bodů Celkový počet nahraných bodů na tomto kvízu bez doplňovacích otázek.
1. Pořadí na kvízu Konečné umístění týmu na tomto kvízu.

Zaznamenané odpovědi

# Otázka Odpověď Body Výsledky
1. Komu přišlo hodně troufalé, že... 1
2. Ve středu byla odhalena nejvyš... 1
3. Někteří rockoví dinosauři žijí... 0
4. Rodící se největší pojišťovna... 0.5
5. Jedna z největších legend svéh... 1
6. Pokud jste na titulní otázku o... 1
7. Americký herec Tobin Bell byl... 0
5. Jak se jmenuje představitel hl... 0
5. Filmová série Resident Evil je... 0
10. Shaun je hospodský povaleč, co... 0